[Event "English Womens Championships 2024"]
[Site "Kenilworth, United Kingdom"]
[Date "2024.06.21"]
[Round "3.3"]
[White "Hunt, Harriet V"]
[Black "Varney, Zoe"]
[Result "1-0"]
[TimeControl "G:90 minutes + 30 seconds added per move"]
[WhiteFideId "403512"]
[BlackFideId "436135"]
[WhiteElo "2313"]
[BlackElo "2070"]

1. e4 {[%clk 01:30:57]} {[%emt 00:00:03]} e5 {[%clk 01:30:48]} {[%emt
00:00:12]} 2. Nf3 {[%clk 01:31:19]} {[%emt 00:00:08]} Nf6 {[%clk 01:31:12]}
{[%emt 00:00:06]} 3. Nxe5 {[%clk 01:29:33]} {[%emt 00:02:15]} d6 {[%clk
01:31:17]} {[%emt 00:00:26]} 4. Nf3 {[%clk 01:29:46]} {[%emt 00:00:17]} Nxe4
{[%clk 01:31:29]} {[%emt 00:00:18]} 5. Nc3 {[%clk 01:29:46]} {[%emt 00:00:30]}
Nf6 {[%clk 01:18:48]} {[%emt 00:13:10]} 6. d4 {[%clk 01:27:18]} {[%emt
00:02:59]} d5 {[%clk 01:18:51]} {[%emt 00:00:27]} 7. Bd3 {[%clk 01:26:05]}
{[%emt 00:01:44]} Bd6 {[%clk 01:14:15]} {[%emt 00:05:06]} 8. O-O {[%clk
01:24:38]} {[%emt 00:01:56]} O-O {[%clk 01:13:48]} {[%emt 00:00:57]} 9. Bg5
{[%clk 01:21:36]} {[%emt 00:03:32]} c6 {[%clk 01:12:31]} {[%emt 00:01:47]} 10.
Qd2 {[%clk 01:20:50]} {[%emt 00:01:17]} Nbd7 {[%clk 00:52:52]} {[%emt
00:20:09]} 11. Ne2 {[%clk 01:18:40]} {[%emt 00:02:40]} Qc7 {[%clk 00:50:37]}
{[%emt 00:02:44]} 12. Ng3 {[%clk 01:06:38]} {[%emt 00:12:33]} Bxg3 {[%clk
00:29:26]} {[%emt 00:21:41]} 13. hxg3 {[%clk 01:05:44]} {[%emt 00:01:24]} Ne4
{[%clk 00:29:28]} {[%emt 00:00:28]} 14. Qf4 {[%clk 01:02:26]} {[%emt 00:03:48]}
Qxf4 {[%clk 00:24:34]} {[%emt 00:05:24]} 15. Bxf4 {[%clk 01:02:36]} {[%emt
00:00:21]} Re8 {[%clk 00:21:06]} {[%emt 00:03:57]} 16. Rfe1 {[%clk 01:00:24]}
{[%emt 00:02:41]} Ndf6 {[%clk 00:18:15]} {[%emt 00:03:21]} 17. Nh2 {[%clk
00:53:39]} {[%emt 00:07:15]} h6 {[%clk 00:15:47]} {[%emt 00:02:58]} 18. f3
{[%clk 00:51:39]} {[%emt 00:02:30]} Ng5 {[%clk 00:15:59]} {[%emt 00:00:17]} 19.
g4 {[%clk 00:50:40]} {[%emt 00:01:31]} Bd7 {[%clk 00:12:09]} {[%emt 00:04:20]}
20. Be5 {[%clk 00:48:59]} {[%emt 00:02:11]} Ngh7 {[%clk 00:10:44]} {[%emt
00:01:54]} 21. Nf1 {[%clk 00:48:10]} {[%emt 00:01:19]} g6 {[%clk 00:07:04]}
{[%emt 00:04:10]} 22. Ne3 {[%clk 00:45:47]} {[%emt 00:02:54]} Re7 {[%clk
00:06:21]} {[%emt 00:01:13]} 23. Kf2 {[%clk 00:44:37]} {[%emt 00:01:41]} Rae8
{[%clk 00:06:18]} {[%emt 00:00:33]} 24. Bd6 {[%clk 00:43:19]} {[%emt 00:01:48]}
Re6 {[%clk 00:06:42]} {[%emt 00:00:06]} 25. Bf4 {[%clk 00:43:32]} {[%emt
00:00:17]} Kg7 {[%clk 00:02:45]} {[%emt 00:04:26]} 26. Rh1 {[%clk 00:41:54]}
{[%emt 00:02:09]} Ng8 {[%clk 00:03:05]} {[%emt 00:00:10]} 27. Rae1 {[%clk
00:41:13]} {[%emt 00:01:11]} f6 {[%clk 00:03:04]} {[%emt 00:00:30]} 28. c4
{[%clk 00:38:11]} {[%emt 00:03:33]} g5 {[%clk 00:01:04]} {[%emt 00:02:30]} 29.
Nf5+ {[%clk 00:37:49]} {[%emt 00:00:52]} Kh8 {[%clk 00:01:27]} {[%emt
00:00:07]} 30. Be3 {[%clk 00:37:39]} {[%emt 00:00:40]} b5 {[%clk 00:01:10]}
{[%emt 00:00:47]} 31. cxd5 {[%clk 00:37:16]} {[%emt 00:00:52]} cxd5 {[%clk
00:01:28]} {[%emt 00:00:13]} 32. Nxh6 {[%clk 00:37:15]} {[%emt 00:00:31]} 1-0

[Event "English Womens Championships 2024"]
[Site "Kenilworth, United Kingdom"]
[Date "2024.06.21"]
[Round "3.4"]
[White "Dicen, Elis Denele"]
[Black "Hariharan, Shambavi"]
[Result "1-0"]
[TimeControl "G:90 minutes + 30 seconds added per move"]
[WhiteFideId "462560"]
[BlackFideId "488160"]
[WhiteElo "2073"]
[BlackElo "1900"]

1. e4 {[%clk 01:30:57]} {[%emt 00:00:02]} e5 {[%clk 01:30:45]} {[%emt
00:00:16]} 2. Nf3 {[%clk 01:31:21]} {[%emt 00:00:06]} Nc6 {[%clk 01:30:54]}
{[%emt 00:00:20]} 3. d4 {[%clk 01:31:44]} {[%emt 00:00:07]} exd4 {[%clk
01:30:27]} {[%emt 00:00:57]} 4. Nxd4 {[%clk 01:32:06]} {[%emt 00:00:08]} Nxd4
{[%clk 01:28:47]} {[%emt 00:02:10]} 5. Qxd4 {[%clk 01:32:27]} {[%emt 00:00:08]}
Qf6 {[%clk 01:28:35]} {[%emt 00:00:42]} 6. Qe3 {[%clk 01:32:23]} {[%emt
00:00:34]} Qb6 {[%clk 01:27:19]} {[%emt 00:01:47]} 7. Qg3 {[%clk 01:32:12]}
{[%emt 00:00:41]} Bc5 {[%clk 01:20:13]} {[%emt 00:07:36]} 8. Nc3 {[%clk
01:29:17]} {[%emt 00:03:25]} Ne7 {[%clk 01:15:22]} {[%emt 00:05:21]} 9. Bc4
{[%emt 00:15:39]} Qg6 {[%clk 01:08:35]} 10. Qf3 {[%clk 01:08:55]} {[%emt
00:12:59]} Nc6 {[%clk 00:58:03]} {[%emt 00:11:03]} 11. Be3 {[%clk 00:54:01]}
{[%emt 00:15:24]} Ne5 {[%clk 00:51:57]} {[%emt 00:06:34]} 12. Bxf7+ {[%clk
00:48:28]} {[%emt 00:06:05]} Nxf7 {[%clk 00:51:16]} {[%emt 00:01:11]} 13. Bxc5
{[%clk 00:48:34]} {[%emt 00:00:24]} d6 {[%clk 00:51:29]} {[%emt 00:00:17]} 14.
Bd4 {[%clk 00:46:11]} {[%emt 00:02:54]} O-O {[%clk 00:46:44]} {[%emt 00:05:15]}
15. O-O {[%clk 00:33:45]} {[%emt 00:12:56]} c6 {[%clk 00:41:29]} {[%emt
00:05:45]} 16. Qe2 {[%clk 00:29:18]} {[%emt 00:04:56]} Ng5 {[%clk 00:36:12]}
{[%emt 00:05:47]} 17. Kh1 {[%clk 00:28:37]} {[%emt 00:01:11]} Ne6 {[%clk
00:33:02]} {[%emt 00:03:41]} 18. Be3 {[%clk 00:28:17]} {[%emt 00:00:49]} Nf4
{[%clk 00:31:56]} {[%emt 00:01:36]} 19. Bxf4 {[%clk 00:26:21]} {[%emt
00:02:27]} Rxf4 {[%clk 00:32:14]} {[%emt 00:00:12]} 20. Qe3 {[%clk 00:25:55]}
{[%emt 00:00:56]} Rh4 {[%clk 00:31:02]} {[%emt 00:01:38]} 21. h3 {[%clk
00:23:21]} {[%emt 00:03:07]} Qh5 {[%clk 00:26:39]} {[%emt 00:04:53]} 22. Kh2
{[%clk 00:22:47]} {[%emt 00:01:04]} Bd7 {[%clk 00:25:59]} {[%emt 00:01:11]} 23.
Rad1 {[%clk 00:20:59]} {[%emt 00:02:18]} Rf8 {[%clk 00:21:03]} {[%emt
00:05:25]} 24. Rd3 {[%clk 00:16:45]} {[%emt 00:04:44]} Rf6 {[%clk 00:16:44]}
{[%emt 00:04:49]} 25. f4 {[%clk 00:15:27]} {[%emt 00:01:48]} Bg4 {[%clk
00:13:30]} {[%emt 00:03:44]} 26. f5 {[%clk 00:14:08]} {[%emt 00:01:50]} g5
{[%clk 00:09:14]} {[%emt 00:04:44]} 27. Kg1 {[%clk 00:11:23]} {[%emt 00:03:16]}
Bxh3 {[%clk 00:05:32]} {[%emt 00:04:13]} 28. gxh3 {[%clk 00:11:38]} {[%emt
00:00:15]} g4 {[%clk 00:05:55]} {[%emt 00:00:06]} 29. Qf4 {[%clk 00:10:06]}
{[%emt 00:02:01]} Rxh3 {[%clk 00:04:02]} {[%emt 00:02:24]} 30. Rxh3 {[%clk
00:09:44]} {[%emt 00:00:52]} Qxh3 {[%clk 00:04:17]} {[%emt 00:00:15]} 31. Rf2
{[%clk 00:09:09]} {[%emt 00:01:04]} Qh4 {[%clk 00:02:12]} {[%emt 00:02:35]} 32.
Rh2 {[%clk 00:08:37]} {[%emt 00:01:02]} Qe1+ {[%clk 00:02:28]} {[%emt
00:00:15]} 33. Kg2 {[%clk 00:08:52]} {[%emt 00:00:15]} Rf7 {[%clk 00:02:19]}
{[%emt 00:00:39]} 34. Rh5 {[%clk 00:07:03]} {[%emt 00:02:18]} g3 {[%clk
00:02:10]} {[%emt 00:00:40]} 35. Rg5+ {[%clk 00:06:43]} {[%emt 00:00:50]} Kf8
{[%clk 00:02:16]} {[%emt 00:00:25]} 36. Qxd6+ {[%clk 00:05:59]} {[%emt
00:01:14]} 1-0

[Event "English Womens Championships 2024"]
[Site "Kenilworth, United Kingdom"]
[Date "2024.06.21"]
[Round "3.6"]
[White "Longson, Sarah N"]
[Black "Khunda, Deema"]
[Result "1-0"]
[TimeControl "G:90 minutes + 30 seconds added per move"]
[WhiteFideId "2501465"]
[BlackFideId "499730"]
[WhiteElo "1981"]
[BlackElo "1648"]

1. e4 {[%clk 01:30:59]} g6 {[%clk 01:30:59]} {[%emt 00:00:02]} 2. d4 {[%clk
01:31:18]} {[%emt 00:00:11]} Bg7 {[%clk 01:31:14]} {[%emt 00:00:14]} 3. Bc4
{[%clk 01:30:01]} {[%emt 00:01:48]} e6 {[%clk 01:23:45]} {[%emt 00:07:59]} 4.
e5 {[%emt 00:05:45]} d5 {[%clk 01:21:54]} 5. exd6 {[%clk 01:26:02]} {[%emt
00:01:35]} Qxd6 {[%clk 01:19:04]} {[%emt 00:03:18]} 6. c3 {[%clk 01:24:06]}
{[%emt 00:02:27]} Nd7 {[%clk 01:17:27]} {[%emt 00:02:06]} 7. Nf3 {[%clk
01:21:41]} {[%emt 00:02:56]} Ngf6 {[%clk 01:13:33]} {[%emt 00:04:23]} 8. O-O
{[%clk 01:17:48]} {[%emt 00:04:24]} c5 {[%clk 01:12:01]} {[%emt 00:02:02]} 9.
b3 {[%clk 01:08:22]} {[%emt 00:09:56]} b6 {[%clk 00:56:14]} {[%emt 00:16:18]}
10. a4 {[%clk 01:06:24]} {[%emt 00:02:28]} Bb7 {[%clk 00:56:14]} {[%emt
00:00:30]} 11. Nbd2 {[%clk 00:57:51]} {[%emt 00:09:03]} O-O {[%clk 00:51:44]}
{[%emt 00:05:00]} 12. Re1 {[%clk 00:56:10]} {[%emt 00:02:11]} Qc7 {[%clk
00:51:28]} {[%emt 00:00:45]} 13. Ba3 {[%clk 00:50:46]} {[%emt 00:05:54]} Rfd8
{[%clk 00:51:05]} {[%emt 00:00:52]} 14. Rc1 {[%clk 00:48:27]} {[%emt 00:02:50]}
Rac8 {[%clk 00:47:53]} {[%emt 00:03:43]} 15. Qe2 {[%clk 00:42:56]} {[%emt
00:06:01]} Nd5 {[%clk 00:39:29]} {[%emt 00:08:53]} 16. Ne4 {[%clk 00:38:32]}
{[%emt 00:04:54]} Nf4 {[%clk 00:34:25]} {[%emt 00:05:35]} 17. Qf1 {[%clk
00:37:45]} {[%emt 00:01:16]} Bxe4 {[%clk 00:32:28]} {[%emt 00:02:27]} 18. Rxe4
{[%clk 00:38:02]} {[%emt 00:00:13]} cxd4 {[%clk 00:32:17]} {[%emt 00:00:41]} 19.
cxd4 {[%clk 00:32:33]} {[%emt 00:06:00]} Bh6 {[%clk 00:27:04]} {[%emt
00:05:43]} 20. Ree1 {[%clk 00:23:28]} {[%emt 00:09:34]} Qb7 {[%clk 00:23:10]}
{[%emt 00:04:24]} 21. Ba6 {[%clk 00:20:39]} {[%emt 00:03:19]} Rxc1 {[%clk
00:18:32]} {[%emt 00:05:08]} 22. Bxb7 {[%clk 00:20:15]} {[%emt 00:00:55]} Rc3
{[%clk 00:15:54]} {[%emt 00:03:07]} 23. Rb1 {[%clk 00:16:46]} {[%emt 00:03:58]}
Nf6 {[%clk 00:12:45]} {[%emt 00:03:39]} 24. Be7 {[%clk 00:15:11]} {[%emt
00:02:06]} Rb8 {[%clk 00:12:45]} {[%emt 00:00:30]} 25. Bxf6 {[%clk 00:15:08]}
{[%emt 00:00:33]} Rxb7 {[%clk 00:13:07]} {[%emt 00:00:07]} 26. d5 {[%clk
00:14:07]} {[%emt 00:01:33]} Rc2 {[%clk 00:12:26]} {[%emt 00:01:10]} 27. Nd4
{[%emt 00:01:36]} Rd2 {[%clk 00:11:48]} {[%emt 00:00:02]} 28. dxe6 {[%clk
00:12:58]} {[%emt 00:01:39]} fxe6 {[%clk 00:10:41]} {[%emt 00:01:37]} 29. Qc4
{[%clk 00:09:37]} {[%emt 00:03:51]} Kf7 {[%clk 00:09:19]} {[%emt 00:01:52]} 30.
Be5 {[%clk 00:08:24]} {[%emt 00:01:43]} Rd7 {[%clk 00:08:26]} {[%emt 00:01:23]}
31. Re1 {[%clk 00:06:39]} {[%emt 00:02:15]} Nd5 {[%emt 00:02:46]} 32. Nxe6
{[%clk 00:05:55]} {[%emt 00:01:11]} Ke7 {[%clk 00:04:54]} {[%emt 00:01:49]} 33.
Nf4 {[%clk 00:04:56]} {[%emt 00:01:29]} Kd8 {[%clk 00:03:47]} {[%emt 00:01:38]}
34. Nxd5 {[%clk 00:04:43]} {[%emt 00:00:42]} R2xd5 {[%clk 00:03:46]} {[%emt
00:00:30]} 35. Bf6+ {[%clk 00:05:06]} {[%emt 00:00:07]} Re7 {[%clk 00:03:58]}
{[%emt 00:00:19]} 36. Qxd5+ {[%clk 00:05:27]} {[%emt 00:00:09]} Kc8 {[%emt
00:00:06]} 37. Rxe7 {[%clk 00:05:27]} {[%emt 00:00:08]} 1-0

[Event "English Womens Championships 2024"]
[Site "Kenilworth, United Kingdom"]
[Date "2024.06.21"]
[Round "3.7"]
[White "Latypova, Olga L"]
[Black "Maton, Emily"]
[Result "1/2-1/2"]
[TimeControl "G:90 minutes + 30 seconds added per move"]
[WhiteFideId "472476"]
[BlackFideId "343120293"]
[WhiteElo "1827"]
[BlackElo "1970"]

1. e4 {[%clk 01:30:55]} {[%emt 00:00:04]} c5 {[%clk 01:30:57]} {[%emt
00:00:03]} 2. Nf3 {[%clk 01:31:16]} {[%emt 00:00:09]} Nc6 {[%clk 01:31:24]}
{[%emt 00:00:05]} 3. d4 {[%clk 01:31:33]} {[%emt 00:00:11]} cxd4 {[%clk
01:31:50]} {[%emt 00:00:05]} 4. Nxd4 {[%clk 01:31:54]} {[%emt 00:00:08]} Nf6
{[%clk 01:32:16]} {[%emt 00:00:04]} 5. Nc3 {[%clk 01:32:13]} {[%emt 00:00:11]}
e6 {[%clk 01:32:40]} {[%emt 00:00:07]} 6. Nxc6 {[%clk 01:32:19]} {[%emt
00:00:24]} bxc6 {[%clk 01:32:39]} {[%emt 00:00:31]} 7. e5 {[%clk 01:32:11]}
{[%emt 00:00:37]} Nd5 {[%clk 01:32:28]} {[%emt 00:00:41]} 8. Ne4 {[%clk
01:32:01]} {[%emt 00:00:39]} Qc7 {[%clk 01:26:55]} {[%emt 00:06:05]} 9. f4
{[%clk 01:30:29]} {[%emt 00:02:01]} Qb6 {[%clk 01:22:23]} {[%emt 00:05:02]} 10.
a3 {[%clk 01:20:50]} {[%emt 00:10:09]} Ne3 {[%clk 01:16:47]} {[%emt 00:06:07]}
11. Qd3 {[%clk 01:18:46]} {[%emt 00:02:32]} Nxf1 {[%clk 01:16:30]} {[%emt
00:00:48]} 12. Rxf1 {[%clk 01:17:39]} {[%emt 00:01:37]} Qa5+ {[%clk 01:06:03]}
{[%emt 00:10:58]} 13. Bd2 {[%clk 01:14:47]} {[%emt 00:03:22]} Qd5 {[%clk
01:03:59]} {[%emt 00:02:34]} 14. Qxd5 {[%clk 00:58:37]} {[%emt 00:16:40]} cxd5
{[%clk 01:02:25]} {[%emt 00:02:05]} 15. Nd6+ {[%clk 00:54:29]} {[%emt
00:04:36]} Bxd6 {[%clk 01:02:37]} {[%emt 00:00:19]} 16. exd6 {[%clk 00:54:55]}
{[%emt 00:00:03]} Rb8 {[%clk 01:02:24]} {[%emt 00:00:44]} 17. Bc3 {[%clk
00:51:42]} {[%emt 00:03:42]} Ba6 {[%clk 01:01:22]} {[%emt 00:01:33]} 18. Rf3
{[%clk 00:51:01]} {[%emt 00:01:10]} O-O {[%clk 01:00:40]} {[%emt 00:01:12]} 19.
Bd4 {[%clk 00:48:42]} {[%emt 00:02:49]} Rb7 {[%clk 00:52:14]} {[%emt 00:08:57]}
20. Kd2 {[%clk 00:47:57]} {[%emt 00:01:14]} Rc8 {[%clk 00:50:44]} {[%emt
00:02:01]} 21. Rg3 {[%clk 00:47:33]} {[%emt 00:00:53]} g6 {[%clk 00:50:53]}
{[%emt 00:00:22]} 22. Rc3 {[%clk 00:46:52]} {[%emt 00:01:10]} Rc4 {[%clk
00:47:35]} {[%emt 00:03:49]} 23. Rxc4 {[%clk 00:42:39]} {[%emt 00:04:43]} dxc4
{[%clk 00:47:15]} {[%emt 00:00:50]} 1/2-1/2

[Event "English Womens Championships 2024"]
[Site "Kenilworth, United Kingdom"]
[Date "2024.06.21"]
[Round "3.8"]
[White "Milewska, Agnieszka"]
[Black "Fernando, Manel"]
[Result "1/2-1/2"]
[TimeControl "G:90 minutes + 30 seconds added per move"]
[WhiteFideId "1196391"]
[BlackFideId "439606"]
[WhiteElo "1769"]
[BlackElo "1725"]

1. d4 {[%clk 01:27:01]} {[%emt 00:00:32]} d5 {[%clk 01:30:32]} {[%emt
00:00:28]} 2. c4 {[%clk 01:27:26]} {[%emt 00:00:06]} e6 {[%clk 01:30:01]}
{[%emt 00:01:01]} 3. e3 {[%clk 01:27:41]} {[%emt 00:00:14]} c6 {[%clk
01:29:53]} {[%emt 00:00:39]} 4. Nc3 {[%clk 01:27:57]} {[%emt 00:00:13]} Nf6
{[%clk 01:29:55]} {[%emt 00:00:29]} 5. Nf3 {[%clk 01:28:04]} {[%emt 00:00:23]}
Nbd7 {[%emt 00:00:54]} 6. cxd5 {[%clk 01:26:25]} {[%emt 00:02:05]} exd5 {[%clk
01:28:39]} {[%emt 00:01:26]} 7. Bd3 {[%clk 01:26:25]} {[%emt 00:00:31]} a6
{[%clk 01:27:18]} {[%emt 00:01:51]} 8. O-O {[%clk 01:26:39]} {[%emt 00:00:15]}
Be7 {[%clk 01:27:02]} {[%emt 00:00:46]} 9. b3 {[%clk 01:26:53]} {[%emt
00:00:17]} c5 {[%clk 01:24:56]} {[%emt 00:02:36]} 10. Bb2 {[%clk 01:26:28]}
{[%emt 00:00:55]} b5 {[%clk 01:23:30]} {[%emt 00:01:55]} 11. dxc5 {[%clk
01:24:29]} {[%emt 00:02:30]} Nxc5 {[%emt 00:00:41]} 12. h3 {[%clk 01:23:34]}
{[%emt 00:01:18]} Nxd3 {[%emt 00:04:10]} 13. Qxd3 {[%clk 01:23:56]} {[%emt
00:00:05]} Bb7 {[%clk 01:19:35]} {[%emt 00:00:44]} 14. Ne2 {[%clk 01:20:37]}
{[%emt 00:03:49]} h6 {[%clk 01:17:56]} {[%emt 00:02:09]} 15. Rac1 {[%clk
01:20:50]} {[%emt 00:00:17]} O-O {[%clk 01:16:32]} {[%emt 00:01:54]} 16. Rfd1
{[%clk 01:21:04]} {[%emt 00:00:15]} Rc8 {[%clk 01:13:41]} {[%emt 00:03:22]} 17.
Nf4 {[%clk 01:18:54]} {[%emt 00:02:40]} Rxc1 {[%clk 01:06:10]} {[%emt
00:08:01]} 18. Rxc1 {[%clk 01:19:15]} {[%emt 00:00:10]} Bd6 {[%clk 01:05:42]}
{[%emt 00:00:57]} 19. Bxf6 {[%clk 01:17:56]} {[%emt 00:01:48]} Qxf6 {[%clk
01:02:29]} {[%emt 00:03:43]} 20. Nxd5 {[%clk 01:17:35]} {[%emt 00:00:52]} Qb2
{[%clk 00:59:12]} {[%emt 00:03:47]} 21. Rd1 {[%clk 01:12:37]} {[%emt 00:05:28]}
Bxd5 {[%clk 00:46:05]} {[%emt 00:13:38]} 22. Qxd5 {[%clk 01:09:24]} {[%emt
00:03:43]} Bb8 {[%clk 00:41:09]} {[%emt 00:05:26]} 23. Qd2 {[%clk 01:08:49]}
{[%emt 00:01:04]} Qa3 {[%clk 00:39:28]} {[%emt 00:02:12]} 24. Qe2 {[%clk
01:04:22]} {[%emt 00:04:57]} Rc8 {[%clk 00:35:20]} {[%emt 00:04:37]} 25. g3
{[%clk 01:03:55]} {[%emt 00:00:57]} Qc5 {[%clk 00:31:06]} {[%emt 00:04:45]} 26.
Nd4 {[%clk 01:02:21]} {[%emt 00:02:03]} Rd8 {[%clk 00:26:17]} {[%emt 00:05:18]}
27. Qg4 {[%clk 00:58:07]} {[%emt 00:04:45]} Ba7 {[%clk 00:23:15]} {[%emt
00:03:33]} 28. Rf1 {[%clk 00:54:57]} {[%emt 00:03:39]} Rd6 {[%clk 00:18:37]}
{[%emt 00:05:08]} 29. Qe4 {[%clk 00:50:38]} {[%emt 00:04:49]} Qc7 {[%clk
00:15:38]} {[%emt 00:03:29]} 30. Qe8+ {[%clk 00:43:16]} {[%emt 00:07:52]}
1/2-1/2